000 00530nam a2200193 a 4500
001 1771298254538
003 YourLibrary
005 20260217084905.0
008 260217s2002##################000#0#eng##
020 _a9783631379271
082 0 4 _a337
_bARN
100 1 _aEisen, Roland,
_eauthor.
245 1 0 _aSupranational Cooperation and Integration :
260 _bPeter Lang Pub Incorporated,
_c2002.
300 _a395 pages
650 0 _aBusiness & Economics.
942 _cENGLISH
040 _aYourLibrary
_beng
_cYourLibrary
999 _c612925
_d612925